| 000 | 01227nam a2200253Ia 4500 | ||
|---|---|---|---|
| 003 | Ost | ||
| 005 | 20260507075643.0 | ||
| 008 | 260507s9999||||xx |||||||||||||| ||und|| | ||
| 020 | _a9141282977 | ||
| 040 | _cfsecg | ||
| 041 | _aara | ||
| 082 | _a330.1543 | ||
| 100 |
_aت.دولينج، إدوارد _eمؤلف |
||
| 245 | 0 |
_aالطرق الرياضية للإدارة والإقتصاد / _c إدوارد ت.دولينج |
|
| 260 |
_aالقاهرة: _bالدار الدولية للإستثمارات الثقافية, _c2003 |
||
| 300 |
_a442 صفحة؛ _bإيضاحات ؛ _c28 سم |
||
| 490 | _aسلسلة ملخصات شوم | ||
| 520 | _aمراجعة المعدلات والرسوم البيانية، الدوال، نظم المعادلات، الجبر الخطي، حل المعادلات الخطية، الحل البياني، البرمجة الخطية، حساب التفاضل المشتقة، الدوال الاساسية واللوغاريتمية، حساب التكامل، تفاضل الدوال متعددة المتغيرات | ||
| 653 | _aالإدارة | ||
| 653 | _aالإقتصاد | ||
| 653 | _aالإقتصاد الرياضي | ||
| 653 | _aالرياضيات | ||
| 942 | _cكتاب | ||
| 999 |
_c45452 _d45452 |
||